| 000 | 01077nam a2200313 i 4500 | ||
|---|---|---|---|
| 001 | 18008 | ||
| 003 | ES-MaACL | ||
| 005 | 20230906151734.0 | ||
| 007 | t| | ||
| 008 | 010807s2000 sp ||||0| spa | ||
| 020 | _a84-95599-04-X | ||
| 080 | _a929 Planck, Max | ||
| 080 | _a001:1 | ||
| 100 | 1 |
_aPlanck, Max. _992540 |
|
| 245 | 1 | 0 |
_aAutobiografía científica y últimos escritos / _cMax Planck ; prólogo a la edición española de Alberto Galindo Tixaire ; traducción y notas de José Manuel Lozano-Gotor Perona ; edición coordinada por Antonio Moreno González. |
| 250 | _a1ª ed. en Nivola. | ||
| 260 |
_aMadrid : _bNivola, _c2000. |
||
| 300 |
_a156 p ; _c21 cm. |
||
| 490 | 1 |
_aEpistéme ; _v2 |
|
| 600 | 1 | 4 |
_aPlanck, Max. _992540 |
| 650 | 4 |
_aCiencia- _xFilosofía. _910950 |
|
| 700 | 1 |
_aMoreno González, Antonio. _983381 |
|
| 700 | 1 |
_aGalindo Tixaire, Alberto. _953447 |
|
| 700 | 1 |
_aLozano-Gotor Perona, José Manuel. _974445 |
|
| 830 | 1 |
_aEpistéme ; _v2 _9184529 |
|
| 852 | 4 |
_aES-MaACL _jL-24789 |
|
| 852 | 4 |
_aES-MaACL _jL-25512 |
|
| 999 |
_c18008 _d18008 |
||